MDQL
is popping MORE tags! Check the
thread
!
Quizzes
Events
Quiz Creation
Community
Videos
Private Events
Remove Ads
Sign In
Join for FREE
Feedback
Dark Mode
Quiz Categories
Sports
Geography
Music
Movies
Television
Just For Fun
Miscellaneous
History
Literature
Language
Science
Gaming
Entertainment
Religion
Holiday
For Kids
Quiz Lab
Recent
Popular Today
Quiz Kudos Today
Editor Picks
Curator Picks
Quizzes by...
Day
Popularity
Type
Ratings
Length
Year
Community
Subscriptions
Recent Discussions
Orange Saloon
Badges
Playlists
Quests
Create
Leaderboards
Showdown
Live 5
Trivia Bingo
Activity
Puzzle Library
Sporcle Events
Private Events
Virtual Trivia
Globe League
Become a Host
Pub Owners
SporcleCon
Opinionation
Our Games
Videos
Blog
Mobile Apps
Partnerships
Remove Ads and Go Orange
Feedback
Sports
Athletes
MLB
NBA
NHL
NFL
Soccer
Sports Teams
WWE
NCAA
Football
Premier League
Basketball
Baseball
Hockey
Golf
Tennis
Cricket
Rugby
Auto Racing
Olympics
World Cup
Sports
Athletes
MLB
NBA
NHL
NFL
Soccer
Sports Teams
WWE
NCAA
Football
Premier League
Basketball
Baseball
Hockey
Golf
Tennis
Cricket
Rugby
Auto Racing
Olympics
World Cup
Random Quiz
Search Sporcle
×
Quiz Lab
Quiz Lab
Sports
All Time
Select answers by clicking on text or image buttons
Select answers by clicking on text or image buttons
Clickable
Best Score? Go Orange.
All Time UFC Champions 'Clickable' Stats
Can you pick the UFC Champions? (Interim champions not included, only Undisputed)
By
Marshall89
5m
62 Questions
7,980 Plays
7,980 Plays
7,980 Plays
Comments
Comments
Give Quiz Kudos
Give Quiz Kudos
-
- Ratings
hide this ad
More Info
Random Order
Randomize order of answers
Randomize order of answers
Replay
Link that replays current quiz
Next Quiz
Link to next quiz in quiz playlist
You Got
0%
They Got
Avg Score
67%
Avg Friend Score
Upgrade to see
Score Distribution
Jump to the score distribution portion of the page
Score
0/62
Timer
05:00
0
Plays Today
% Correct
Georges St. Pierre
90%
Anderson Silva
89.9%
Jon Jones
89.6%
Brock Lesnar
89.1%
Chuck Liddell
88.9%
BJ Penn
88.8%
Cain Velasquez
88.3%
José Aldo
88.2%
Randy Couture
88%
Conor McGregor
87.5%
Ronda Rousey
87.2%
Tito Ortiz
87.1%
Chris Weidman
87.1%
Junior dos Santos
86.9%
Quinton 'Rampage' Jackson
86.8%
Michael Bisping
86.7%
Matt Hughes
86.5%
Tyron Woodley
86.5%
Frank Mir
86.2%
TJ Dillashaw
86.1%
Daniel Cormier
86.1%
Stipe Miocic
86.1%
Robbie Lawler
85.8%
Demetrious Johnson
85.5%
Frankie Edgar
85.3%
Dominick Cruz
85.1%
Rashad Evans
85.1%
Amanda Nunes
85%
Lyoto Machida
84.9%
Eddie Alvarez
84.8%
Holly Holm
84.7%
% Correct
Anthony Pettis
84.3%
Maurício 'Shogun' Rua
84.2%
Luke Rockhold
84%
Forrest Griffin
83.8%
Matt Serra
83.8%
Rafael dos Anjos
83.7%
Vitor Belfort
81.4%
Joanna Jędrzejczyk
81.3%
Fabricio Werdum
81%
Benson Henderson
80.9%
Miesha Tate
79.9%
Andrei Arlovski
77.4%
Johny Hendricks
77.3%
Rich Franklin
77.2%
Tim Sylvia
75%
Frank Shamrock
72.4%
Mark Coleman
71.1%
Bas Rutten
66%
Renan Barão
64.6%
Josh Barnett
62.4%
Carla Esparza
61.8%
Jens Pulver
61.7%
Sean Sherk
61%
Kevin Randleman
57%
Carlos Newton
54.5%
Pat Miletich
53.5%
Evan Tanner
49.1%
Ricco Rodriguez
47.3%
Maurice Smith
44.6%
Murilo Bustamante
35.2%
Dave Menne
30.6%
Quiz Playlist
Details
Report
Send in Message
Add To Playlist
More Info:
Interim Champions are not counted as UFC Champions... Last update - UFC 205
Clickable:
Select answers by clicking on text or image buttons
Random Order:
Randomize order of answers
Last Updated: Feb 16, 2017
Quiz Scoreboard
CHALLENGE
Sign Up to Join the Scoreboard
Show All
Scores
Hide
Comments
May contain spoilers
Recently Published
Colored Red Africa Blitz
by spor1
Geography
30s
Find the 'City' Movie
by crazypaving
Movies
60s
5x2 Blitz: Bands
by SL_Kpop136
Music
30s
More to Explore
Quiz From the Vault
Featured Blog Post
14 Easter Pick-up Lines to Find Eggs With
hide this ad
You Might Also Like...
Tags
All Time
UFC Fighters
Today's Top Quizzes in Sports
Browse Sports
hide this ad
Today's Top Quizzes in All Time
Browse All Time
Top Contributed Quizzes in Sports
1
Les entraîneurs de l'OM et du PSG au 21e siècle
2
Les meilleurs buteurs des matchs entre le PSG et l’OM
3
Players with Multiple 50 Home Run Seasons
4
2022 World Cup Stars
5
Les joueurs passés par le PSG et l'OM
6
NBA Logic Puzzle 2.0
7
Criteria MLB: Left Handed Sluggers
8
MLB Players with Two .350 Batting Average Seasons
9
Top 10 NHL Goal Scorers of All Time
10
Who Hit More Homers?
Explore More
Trending Topics
Marvel
Anime
Harry Potter
Disney
Kpop
NBA
Crossword
The Office
Pokémon
Puzzle
Song
NFL
Soccer
Country
WWE
hide this ad
More By:
Marshall89
Quiz
Plays
Rating
Category
Featured
Created
Premier League Scorers per Team (2012-13)
14,602
4.59
Sports
Mar 10, 2013
La Liga Champions XIs since 1996/97 season
13,630
4.23
Sports
Jun 15, 2013
Leading Premier League scorers (Still Playing in Prem)
12,681
4.24
Sports
Sep 3, 2012
EPL 100: Best Premier League Players 2013/14
10,675
2.60
Sports
Aug 16, 2013
Premier League's Brazil Internationals
10,018
4.54
Sports
Oct 1, 2012
Go to Creator's Profile
Score Distribution
Quiz Creator Spotlight
Marshall89
Follow
Send a Message
Quizzes Created
-
Created Quiz Play Count
-
More By This Creator
Popular Quizzes Today
1
Colored Red Africa Blitz
2
Find the 'City' Movie
3
5x2 Blitz: Bands
4
Find the US States - No Outlines Minefield
5
The Countries of the World
6
Find the US States
7
US States
8
Find the Countries of Europe - No Outlines Minefield
More Sports Quizzes
Quick Pick: Nolan Ryan No-Hitters
Curator's Pick
Trending Quizzes
Colored Red Europe Blitz I
Colored Red Europe Blitz II
Colored Red Africa Blitz II
Colored Red Europe Blitz III
Colored Red Africa Blitz III
Recently Updated
How Do You Spell That?
pecheneg
Godzilla Movies
pecheneg
Grab Bag: 4-10 Letters
pecheneg
2024 March Madness Bracket
pecheneg
Famous TV Couples
Peacemaker
Champions League XIs: Real Madrid
pecheneg
Largest US Cities 1790-2010
pecheneg
Rides in Walt Disney World
pecheneg
Most Oscar Losses (Acting)
pecheneg
Beyoncé Albums
pecheneg
Trending Topics
Kpop
Disney
NBA
Anime
Crossword
Harry Potter
Marvel
Country
Pokémon
NFL
WWE
The Office
Song
Soccer
Puzzle
Your Account Isn't Verified!
In order to create a playlist on Sporcle, you need to verify the email address you used during registration. Go to your
Sporcle Settings
to finish the process.
Report this User
Report this user for behavior that violates our
Community Guidelines
.
Details:
Send Report
Go to the Sporcle.com Mobile Site →
Comments